Loading...
| Beliefs | 0 | 4 | 0 | 2 | 40 | 104 | 124.25 | 1 | 4 | 0.00 | 0.00 |
| Fine Arts - Auditory | 0 | 3 | 0 | 0 | 30 | 96 | 116.00 | 1 | 3 | 0.00 | 0.00 |
| Literature - American | 1 | 1 | 0 | 0 | 25 | 53 | 68.00 | 2 | 2 | 0.00 | 0.00 |
| Fine Arts - Visual | 1 | 1 | 0 | 0 | 25 | 23 | 64.00 | 1 | 2 | 0.00 | 0.00 |
| Philosophy | 0 | 2 | 0 | 2 | 20 | 127 | 132.50 | 0 | 2 | 0.00 | 0.00 |
| History - American | 0 | 2 | 0 | 1 | 20 | 115 | 121.50 | 0 | 2 | 0.00 | 0.00 |
| 0 | 2 | 1 | 0 | 15 | 97 | 102.50 | 0 | 2 | 0.00 | 0.00 | |
| Literature - European | 1 | 0 | 0 | 0 | 15 | 46 | 46.00 | 1 | 1 | 0.00 | 0.00 |
| Social Science | 0 | 1 | 0 | 0 | 10 | 91 | 91.00 | 0 | 1 | 0.00 | 0.00 |
| Chemistry> | 0 | 1 | 0 | 1 | 10 | 133 | 133.00 | 0 | 1 | 0.00 | 0.00 |
| Other Academic | 0 | 1 | 0 | 1 | 10 | 133 | 133.00 | 0 | 1 | 0.00 | 0.00 |
| Other Arts: Auditory | 0 | 1 | 0 | 0 | 10 | 115 | 115.00 | 1 | 1 | 0.00 | 0.00 |
| Other Arts: Visual | 0 | 1 | 1 | 0 | 5 | 100 | 100.00 | 0 | 1 | 0.00 | 0.00 |
| Literature - British | 0 | 1 | 1 | 0 | 5 | 100 | 100.00 | 1 | 1 | 0.00 | 0.00 |
| Science - Biology | 0 | 1 | 1 | 0 | 5 | 70 | 70.00 | 0 | 1 | 0.00 | 0.00 |
| Science - Physics | 0 | 0 | 0 | 0 | 0 | 0.00 | 0 | 0 | 0.00 | 0.00 | |
| History - European | 0 | 1 | 3 | 0 | -5 | 79 | 79.00 | 1 | 1 | 0.00 | 0.00 |
| Geography | 0 | 0 | 1 | 0 | -5 | 0.00 | 0 | 0 | 0.00 | 0.00 |